[Event "FIDE World Cup"]
[Site "Baku"]
[Date "2015.09.21"]
[Round "4.2"]
[White "So, Wesley"]
[Black "Vachier Lagrave, Maxime"]
[Result "0-1"]
[WhiteElo "2773"]
[BlackElo "2744"]
[Annotator "Marin,M"]
[PlyCount "136"]
[EventDate "2015.09.11"]
[EventType "k.o."]
[EventRounds "7"]
[EventCountry "AZE"]
[SourceTitle "CBM 169"]
[Source "ChessBase"]
[SourceDate "2015.11.10"]
[SourceVersion "1"]
[SourceVersionDate "2015.11.10"]
[SourceQuality "1"]

1. Nf3 c5 2. c4 Nc6 3. d4 cxd4 4. Nxd4 Nf6 5. Nc3 e6 6. Bf4 d5 7. e3 $5 {
A relatively rare contnuation which came into the limelight recently after
having been used by Carlsen at the 2013 Candidates. So might have decided upon
this variation due to the later improvement over a previous game of his
opponent.} ({The main line goes} 7. Ndb5 e5 8. cxd5 exf4 9. dxc6 bxc6 10. Qxd8+
Kxd8 {as for instance in Nakamura,H (2775)-Kramnik,V (2801) Moscow 2012 CBM
149 [Marin,M] (1/2-1/2, 40)}) 7... Bb4 8. Be2 {Both sides will keep the
tension in the centre for a while, but Nxc6 and ...dxc4 are permanent issues.}
(8. Nxc6 bxc6 {only strengthens Black's centre without causing him any major
inconvenient regarding his development.} 9. Qa4 Qb6 10. Bd3 O-O 11. O-O Be7 12.
Qc2 Ba6 $11 {Bruzon Batista,L (2659)-Vidit,S (2651) Baku 2015 (1-0, 39)}) 8...
O-O ({Carlsen's aforementioned game went} 8... dxc4 9. Nxc6 Qxd1+ 10. Rxd1 bxc6
11. Bxc4 Nd5 12. O-O Nxf4 13. exf4 Bxc3 14. bxc3 Ke7 {Carlsen,M (2872)-Kramnik,
V (2810) London 2013 (1/2-1/2, 30). White's position looks more active but due
to the king's presence in the centre Black had no trouble reaching a draw.}) 9.
O-O Bxc3 ({After castling} 9... dxc4 {looks a bit more suspicious, since in
the endgame the king would be far from the centre:} 10. Nxc6 bxc6 (10... Qxd1
11. Rfxd1 bxc6 12. Bxc4 Nd5 13. Be5 $16 {is a lot different from the
Candidates' game.}) 11. Qa4 Qb6 12. Bxc4 Nd5 13. Rac1 (13. Be5 $5 $14 {looks
more natural.}) 13... Nxf4 14. exf4 Bb7 $11 {Huzman,A (2580)-Moiseenko,A (2692)
Berlin 2015 (1/2-1/2, 53)}) ({The last move anticipates possible problems in
the centre, which could pop up after} 9... Re8 10. cxd5 $1 Nxd4 (10... Bxc3 11.
dxc6 Bxb2 12. Rb1 Bxd4 13. c7 Qe7 14. exd4 Nd5 15. Qc1 {with a well defended
and annoying pawn on the seventh rank.}) (10... exd5 11. Ncb5 Re7 12. Rc1 $16)
(10... Nxd5 11. Nxd5 $16 Qxd5 $2 12. Bf3 $18) 11. Qxd4 Bxc3 12. bxc3 Nxd5 13.
Bg3 $14) 10. bxc3 $146 ({Vachier had previously faced} 10. Nxc6 bxc6 11. bxc3
Ne4 12. Qc2 Qf6 13. Rac1 e5 14. Bg3 $6 (14. f3 Nc5 15. Bg3 {may be better but
Black would have an active position anyway}) 14... Bf5 $36 {Zhigalko,A (2589)
-Vachier Lagrave,M (2711) Warsaw 2012 (0-1, 69)}) 10... Re8 11. Bg5 {The
bishop was at risk of becoming a passive piece so White spends a couple of
tempi to exchange it for the important f6-knight, thus reducing Black's
control over d5.} h6 12. Bxf6 (12. Bh4 {allows Black to develop strong
counterplay:} g5 13. Bg3 e5 14. cxd5 Qxd5 15. Nb5 Rd8 16. Qxd5 Nxd5 17. Rad1
Be6 18. c4 Nf4 $5 19. exf4 exf4 $11 {Black will retrieve the piece and the
mutual weaknesses will compensate for each other.}) 12... Qxf6 13. cxd5 exd5 {
From the structural point of view, the c3-pawn is almost as weak as the
d5-pawn (the difference is made by the bishops' colour) but White has on his
side a slight advance in development.} 14. Qb3 Rd8 {A necessary loss of time
allowing White to increase his pressure.} 15. Bf3 Na5 $6 {This will lead to an
unpleasant ending. Quite possibly, Black missed something in the line from the
next comment.} (15... Qd6 16. Rfd1 Ne5 {looks safer.} {The combination} 17.
Bxd5 $2 Qxd5 18. Nb5 {does not work on account of} Nf3+ $1 19. Kh1 $2 ({
This is the thematic line, but it loses. Better is} 19. gxf3 {accepting that
he will have to struggle after} Qg5+ 20. Kh1 Be6) 19... Qh5 20. Rxd8+ Kh7 21.
Qc2+ g6 22. gxf3 (22. h3 Bxh3 $19) 22... Qxf3+ 23. Kg1 Bh3 $19) 16. Qb5 $1 {
Attacking the knight and keeping an eye on the d5-pawn.} (16. Qa4 {is less
effective due to} Nc4 $11 {when} 17. Bxd5 $2 {does not work on account of} Nb6
$19) 16... Qb6 ({Vachier might have relied on} 16... b6 17. Bxd5 a6 18. Qa4
Rxd5 $2 19. Qe8+ Kh7 20. Qe4+ Qg6 21. Qxd5 Bb7 {failing to notice that} 22. Qf5
$18 {pins the queen.}) 17. Qxb6 axb6 18. Rfb1 {After getting additional
weaknesses Black's position became unpleasant. In the event of complete
exchanges of the weak pawns White would get an ending with 4 pawns versus 3
pawns, which would offer good winning chances if he kept a minor piece in the
process.} Nc4 19. Rb4 (19. Be2 $5 Rd6 20. Bxc4 dxc4 21. Rb4) (19. a4 $5 $16)
19... Ra3 20. Nb5 Ra5 21. h3 $6 {Wasting a vital tempo in a moment when White
faced no back rank dangers.} (21. a4 $14 {stabilises the queenside in White's
favour since} Bd7 $6 22. Rd1 $16 {wins a pawn on account of} Be6 $2 23. Rxc4
$18) 21... Bd7 22. Bxd5 $2 {Unexpectedly losing a piece.} (22. a4 Nd2 23. Be2
Bxb5 24. Bxb5 Ne4) 22... Ne5 $1 {Quite a curious system of pins and X-Ray
attacks.} (22... Bxb5 $2 23. Bxc4 $16) 23. Re4 (23. c4 Bxb5 $19) 23... Ng6 24.
Bxf7+ {Relatively best.} Kxf7 25. Nd6+ Kg8 26. Nxb7 Bc6 27. Rd4 Rxd4 28. Nxa5
Rd6 29. Nxc6 Rxc6 30. a4 Rxc3 31. a5 bxa5 32. Rxa5 {White has managed to
simplify to an ending which at first sight looks drawish. But the black knight
will show impressive versatility in weakening and attacking the white
structure and So will not display the required accuracy in defence..} Rc1+ 33.
Kh2 Rc2 34. Kg3 Nf8 35. h4 ({Another way of advancing the pawns is} 35. f4 Nd7
36. Kf3 Nb6 (36... Rc3 37. Ra6 Nf6 38. Ra5 {prevents the knight's activation.})
37. e4 Rc3+ 38. Kf2 Nd7 39. e5 Nc5 {and White has no lesser worries than in
the game.}) 35... Nd7 36. Kf3 Kh7 37. Rf5 Nc5 38. g4 Nd3 39. Kg3 g6 40. Rf7+
Kg8 41. Rf6 Kg7 42. g5 $2 {This looks like the decisive mistake. So obviously
relied on the stability of his fortress but probably misjudged the ending
after the more or less forced rook exchange.} ({It was better to keep both
enemy pawns vulnerable on the sixth rank with} 42. Ra6 $1 {for instance} Rxf2 (
{Or} 42... Nxf2 43. Ra7+ Kf8 44. Ra6 {when in order to avoid a repetition
Black would have to give up both his pawns and head for a rook and knight
versus rook ending.}) 43. Ra3 $1 {Forcing the rook to abandon the f-file.} Rd2
44. Ra7+ Kf8 45. Ra8+ Ke7 46. Ra7+ Kd8 47. Ra6 Ne5 48. Re6 $11) 42... h5 43. f3
{White has a wide range of defensive plans, but none of them seems to work.} (
43. f4 {loses quicker than the game continuation:} Ne1 44. f5 Rg2+ 45. Kh3 gxf5
46. Rxf5 Re2 47. Re5 Nd3 48. Re8 (48. Re6 $2 Nf4+ $1) 48... Kf7 {and the rook
does not have favourable squares along the e-file.}) ({One natural question is
how would Black make progress if White keeps his pawns on their actual squares:
} 43. Kg2 Ne5 44. Kg3 Ng4 45. Rf4 Ra2 46. Rf3 Ra4 {Reducing White's mobility
even more.} 47. Kh3 Ne5 48. Rf6 Rg4 49. Ra6 Nf3 50. Ra7+ Kf8 51. Ra8+ Ke7 52.
Ra7+ Kd8 ({Black does not make ay progress after} 52... Ke6 53. Ra6+ Kf5 54.
Ra5+) 53. Ra8+ Kc7 54. Rf8 Ng1+ ({The hurried} 54... Nxh4 {leads to a draw:}
55. f3 Nxf3 56. Rxf3 Rxg5 57. Rf6 Kd7 58. e4 $1 Ke7 59. e5 $11 {The pawn has
reached e5 just in time to help build a fortress.}) 55. Kh2 Kd6 56. f3 Nxf3+ $1
57. Rxf3 Rxh4+ 58. Kg3 Rg4+ 59. Kf2 Rxg5 {Black's king is better centralised
than in the previous line which makes a decisive difference.}) ({With the
h-pawn much safer than on h6, the rook's side attack does not work:} 43. Ra6
Rxf2 44. Ra3 Rd2 45. Ra7+ Kf8 46. Ra8+ Ke7 47. Ra7+ Ke6 48. Ra6+ Kf5 {It is
also important that after g4-g5 this square is available for the king,
practically winning a tempo.} 49. Rf6+ Ke5 50. Rxg6 Nc5 {White has no time to
eliminate Black's last pawn due to the danger of a direct attack:} 51. Rh6 Ne4+
52. Kh3 Re2 53. Rxh5 (53. g6 Rxe3+ 54. Kh2 Nf6 $19) 53... Rxe3+ 54. Kg2 Kf4 $19
) 43... Ne1 44. e4 Rc3 45. Kf2 Nd3+ 46. Kg3 Ne5 47. Kg2 {It may seem that
White has stabilised things, but his rook is kind of trapped:} Rc6 $1 48. Rxc6
(48. f4 {loses the h4-pawn:} Rc2+ 49. Kg3 Rc3+ 50. Kg2 Nf3 $19) 48... Nxc6 49.
f4 Kf7 {This ending offers no saving hope since White will not be able to keep
the compact character of his structure due to zugzwang.} 50. Kf3 ({f4-f5 is a
permanent issue, but it almost never works:} 50. f5 $2 gxf5 51. exf5 Ne7 52. f6
Ng6 53. Kg3 Ke6 $19) 50... Ke6 51. Ke3 Kd6 52. Kd2 (52. f5 gxf5 53. exf5 Ke5
54. f6 Nd4 55. Kd3 Ne6 56. Ke3 Nf4 57. Kf3 Ng6 $19) 52... Kc5 53. Kd3 (53. f5
Ne5 $19) 53... Kb4 54. Kd2 (54. f5 Kc5 (54... Ne5+ $2 55. Kd4 $18) 55. fxg6
Ne5+ 56. Ke3 Nxg6 $19) 54... Kc4 55. Ke3 Kc5 $1 ({Vachier's initial intention
might have been} 55... Ne7 {If so, he must have noticed in time the saving
line:} 56. f5 gxf5 57. g6 $3 {Clearing the g5-square for the king in order to
eliminate the last black pawn.} (57. exf5 Nxf5+ 58. Kf4 Nxh4 59. Ke5 Kd3 $19)
57... fxe4 58. Kxe4 Nxg6 59. Kf5 $11) 56. Kd3 Nd8 {Not the only way of
improving the knight's placement.} 57. Ke3 Nf7 58. Kd3 (58. f5 Ne5 59. Kf4 Kd4
$19) 58... Nd6 59. Ke3 Kc4 60. f5 Ne8 $1 {Preparing to block the g-pawns.} (
60... gxf5 $2 61. g6 $11) 61. fxg6 (61. f6 Nc7 62. Kf4 Kd4 $19) 61... Ng7 62.
e5 (62. Kf4 Kd4 $19) 62... Kd5 63. Kf4 Kd4 64. e6 $5 Kd5 (64... Nxe6+ $2 65.
Kf5 $18 {As we can see, there are several moments when the line between
winning and losing is very thin.}) 65. e7 Ke6 66. Ke4 Kxe7 67. Ke5 Ke8 {
The most elegant way.} ({But} 67... Kf8 {also wins:} 68. Kf6 {This looks like
a zugzwang, but the knight is too mobile to allow that:} Ne8+ 69. Ke6 Nc7+ 70.
Kd6 Nb5+ 71. Kc5 (71. Ke5 Kg7 72. Kf5 Nd4+ 73. Ke4 Nc6 74. Kf5 Ne7+) 71... Na3)
68. Kd5 (68. Kf6 Kf8 69. Ke5 Ke7 {with a decisive opposition.}) 68... Kd7 (
68... Kd7 69. Ke5 Ke7 {is the same as above.}) 0-1

[Event "ITA-chT 46th"]
[Site "Condino"]
[Date "2014.05.04"]
[Round "7.1"]
[White "Nakamura, Hikaru"]
[Black "Codenotti, Marco"]
[Result "1-0"]
[WhiteElo "2772"]
[BlackElo "2362"]
[PlyCount "137"]
[EventDate "2014.04.30"]
[EventType "team-swiss"]
[EventRounds "7"]
[EventCountry "ITA"]
[SourceTitle "CBM 160 Extra"]
[Source "ChessBase"]
[SourceDate "2014.07.01"]
[SourceVersion "1"]
[SourceVersionDate "2014.07.01"]
[SourceQuality "1"]
[WhiteTeam "Padova Obiettivo"]
[BlackTeam "Torino"]
[WhiteTeamCountry "ITA"]
[BlackTeamCountry "ITA"]

1. e4 c5 2. Nf3 d6 3. d4 cxd4 4. Qxd4 Nf6 5. c4 Nc6 6. Qe3 g6 7. Be2 Bg7 8. O-O
O-O 9. h3 Be6 10. Nc3 Nd7 11. b3 Qb6 12. Qd2 Qa5 13. Bb2 a6 14. Rfd1 Rab8 15.
a3 Nde5 16. b4 Nxf3+ 17. Bxf3 Qb6 18. Nd5 Bxd5 19. Bxg7 Kxg7 20. exd5 Ne5 21.
Be2 Rbc8 22. Rac1 Kg8 23. Rc2 Qa7 24. Rdc1 b6 25. Qe3 Rfe8 26. f4 Nd7 27. Bg4
Rb8 28. Kh2 Nf6 29. Bf3 a5 30. Qd4 Nd7 31. Re1 axb4 32. axb4 Qa4 33. Qc3 Nf6
34. g4 Ra8 35. g5 Nd7 36. Kg3 Qa3 37. Qd2 Qb3 38. Re3 Qb1 39. Rc1 Qa2 40. Qc3
Qa7 41. h4 Rac8 42. Qd4 Nf8 43. Bg4 Rcd8 44. Rce1 Qc7 45. h5 gxh5 46. Bxh5 e5
47. fxe5 dxe5 48. Rxe5 Rxe5 49. Qxe5 Qxc4 50. Qe7 Qxd5 51. Bxf7+ Qxf7 52. Qxd8
Qb3+ 53. Kf2 Qc2+ 54. Re2 Qc4 55. Qd6 Qh4+ 56. Ke3 Qxg5+ 57. Kd3 Qb5+ 58. Kd2
Qg5+ 59. Kc2 Qf5+ 60. Kb2 Qf3 61. Rc2 Qe4 62. Qxb6 Qe5+ 63. Rc3 Qe2+ 64. Ka3
Qe1 65. Qd4 Qa1+ 66. Kb3 Qb1+ 67. Ka4 Qa2+ 68. Kb5 Qe2+ 69. Qc4+ 1-0

[Event "Chessable Masters Prelim"]
[Site "chess24.com INT"]
[Date "2021.07.31"]
[Round "3.8"]
[White "So, W."]
[Black "Aronian, L."]
[Result "1-0"]
[WhiteElo "2772"]
[BlackElo "2782"]
[PlyCount "103"]
[EventDate "2021.07.31"]
[EventType "tourn (rapid)"]
[EventRounds "15"]
[EventCategory "18"]
[SourceTitle "The Week in Chess 1395"]
[Source "Mark Crowther"]
[SourceDate "2021.08.02"]
[SourceVersion "1"]
[SourceVersionDate "2021.08.02"]
[SourceQuality "2"]

1. e4 e5 2. Nf3 Nc6 3. Bc4 Bc5 4. c3 Nf6 5. d4 exd4 6. cxd4 Bb4+ 7. Bd2 Nxe4 8.
Bxb4 Nxb4 9. Bxf7+ Kxf7 10. Qb3+ d5 11. Ne5+ Ke6 12. Qxb4 Qf8 13. Qxf8 Rxf8 14.
f3 Nd6 15. Nc3 Nf5 16. Rd1 c6 17. Kf2 Kd6 18. Rhe1 g5 19. g4 Nh4 20. Kg3 b6 21.
Ne2 Ba6 22. Ng1 Rf6 23. f4 h6 24. Nh3 Rg8 25. b4 Bb5 26. Rd2 a5 27. bxa5 bxa5
28. Rf2 a4 29. fxg5 Rxf2 30. Kxf2 hxg5 31. Nxg5 Bc4 32. a3 Ng6 33. Ngf7+ Kc7
34. Nxg6 Rxg6 35. g5 c5 36. dxc5 Rg8 37. h4 d4 38. Ne5 Bd5 39. Kg3 Rb8 40. Rd1
Rb3+ 41. Rd3 Be4 42. Rxb3 axb3 43. Nc4 Bd3 44. Nb2 Bc2 45. h5 Kc6 46. g6 Kxc5
47. Kf4 Kd6 48. Kg5 Ke7 49. h6 Kf8 50. Kf6 Kg8 51. h7+ Kh8 52. g7+ 1-0

[Event "Chessable Masters KO"]
[Site "chess24.com INT"]
[Date "2021.08.07"]
[Round "3.11"]
[White "So, W."]
[Black "Le, Quang Liem"]
[Result "1-0"]
[WhiteElo "2772"]
[BlackElo "2709"]
[PlyCount "85"]
[EventDate "2021.08.03"]
[EventType "k.o. (rapid)"]
[EventRounds "3"]
[SourceTitle "The Week in Chess 1396"]
[Source "Mark Crowther"]
[SourceDate "2021.08.13"]
[SourceVersion "2"]
[SourceVersionDate "2021.08.13"]
[SourceQuality "2"]

1. e4 e5 2. Nf3 Nc6 3. Bb5 a6 4. Ba4 Nf6 5. O-O Be7 6. d3 b5 7. Bb3 d6 8. a4
Bd7 9. c3 O-O 10. Bc2 Re8 11. Re1 h6 12. Nbd2 Bf8 13. Nf1 b4 14. Ng3 bxc3 15.
bxc3 d5 16. exd5 Nxd5 17. Bd2 Rb8 18. a5 Nf6 19. Ba4 Bd6 20. h3 Na7 21. Bc2 Nb5
22. Qc1 Bc6 23. Nh4 Bf8 24. Nhf5 Qd5 25. Ne3 Qc5 26. Ra4 Nd6 27. d4 Qa7 28. Ra1
Qa8 29. f3 exd4 30. cxd4 Nb5 31. Nef5 Bd7 32. Re5 Qa7 33. Be3 c5 34. Nxh6+ gxh6
35. Bxh6 Rxe5 36. dxe5 c4+ 37. Kh2 Nh7 38. Bxf8 Nxf8 39. Qg5+ Ng6 40. Nh5 Qd4
41. Bxg6 Qxa1 42. Bxf7+ Kxf7 43. Qf6+ 1-0